[Event "Tatry op"]
[Site "Tatranske Zruby"]
[Date "2010.10.09"]
[Round "9"]
[White "Bednar, Petr"]
[Black "Hronik, Petr"]
[Result "1/2-1/2"]
[WhiteElo "1840"]
[BlackElo "1978"]
[PlyCount "47"]
[EventDate "2010.10.02"]
[EventType "swiss"]
[EventRounds "9"]
[EventCountry "SVK"]
[SourceTitle "CBM 138 Extra"]
[Source "ChessBase"]
[SourceDate "2010.10.29"]
[SourceVersion "1"]
[SourceVersionDate "2010.10.29"]
[SourceQuality "1"]

1. Nf3 Nf6 2. g3 d5 3. d4 Bf5 4. Bg2 Qc8 5. 0-0 Bh3 6. Re1 Bxg2 7. Kxg2 e6 8. Nbd2 Nbd7 9. e4 dxe4 10. Nxe4 Nxe4 11. Rxe4 Nf6 12. Re1 c6 13. Bg5 Be7 14. Bxf6 Bxf6 15. Qe2 0-0 16. c3 Rd8 17. a4 c5 18. dxc5 Qxc5 19. Rad1 Qc6 20. Qb5 Qxb5 21. axb5 Kf8 22. Rxd8+ Rxd8 23. Ra1 Ra8 24. Nd2 1/2-1/2

[Event "Kouty nad Desnou op-B"]
[Site "Kouty nad Desnou"]
[Date "2010.03.08"]
[Round "3"]
[White "Vanicek, Vojtech"]
[Black "Bednar, Petr"]
[Result "1/2-1/2"]
[WhiteElo "1510"]
[BlackElo "1840"]
[PlyCount "50"]
[EventDate "2010.03.06"]
[EventType "swiss"]
[EventRounds "9"]
[EventCountry "CZE"]
[SourceTitle "EXT 2012"]
[Source "ChessBase"]
[SourceDate "2011.11.24"]
[SourceVersion "1"]
[SourceVersionDate "2011.11.24"]
[SourceQuality "1"]

1. e4 c5 2. Nf3 Nc6 3. d4 cxd4 4. Nxd4 Nf6 5. Nc3 d6 6. Bc4 a6 7. Nxc6 bxc6 8. e5 Ng8 9. Qf3 e6 10. exd6 Bd7 11. Ne4 h6 12. 0-0 Nf6 13. Nxf6+ Qxf6 14. Qxf6 gxf6 15. Rd1 Bg7 16. Rd3 f5 17. f4 0-0 18. Rb1 Rfb8 19. b4 c5 20. c3 cxb4 21. cxb4 Rc8 22. Bb3 Rc3 23. Rxc3 Bxc3 24. a3 Bd4+ 25. Kh1 Rc8 1/2-1/2

[Event "Brno Duras op-B"]
[Site "Brno"]
[Date "2009.07.05"]
[Round "9"]
[White "Krupica, Ales"]
[Black "Bednar, Petr"]
[Result "0-1"]
[WhiteElo "1478"]
[BlackElo "1687"]
[PlyCount "64"]
[EventDate "2009.06.27"]
[EventType "swiss"]
[EventRounds "9"]
[EventCountry "CZE"]
[SourceTitle "CBM 131 Extra"]
[Source "ChessBase"]
[SourceDate "2009.09.03"]
[SourceVersion "2"]
[SourceVersionDate "2009.09.16"]
[SourceQuality "1"]

1. e4 c5 2. c3 Nf6 3. Qc2 a6 4. d4 cxd4 5. cxd4 d6 6. Nf3 e6 7. Bd3 Bd7 8. 0-0 Nc6 9. e5 Nb4 10. Qb3 Nxd3 11. exf6 Nxc1 12. Rxc1 Bc6 13. fxg7 Bxg7 14. Nbd2 0-0 15. Qd3 f5 16. Re1 Bd5 17. b3 Qf6 18. Rac1 Rac8 19. Rc3 Rxc3 20. Qxc3 Bc6 21. Qe3 Bd5 22. Qg5 Rc8 23. Qe3 Bh6 24. Qd3 Qg7 25. g3 Qc7 26. Nc4 b5 27. Nb2 Qc2 28. Re2 Qxd3 29. Nxd3 Bxf3 30. Rxe6 Bf8 31. h3 Be4 32. Nb4 Rc1+ 0-1